Регионална библиотека "Любен Каравелов" - Русе

Икономика, маркетинг и мениджмънт на предприятието (Запис номер 4527)

MARC детайли
000 -Лидер
Контролно поле с фиксирана дължина 02255nam a2200385 c 4500
003 - Код на организацията, давaща контролен номер
Контролно поле BLK
005 - Дата и час на последна редакция
Контролно поле 20210130155505.0
008 - Елементи от данни с фиксирана дължина
fixed length control field 180412b bul|||||r ||||||| ||bul||
010 ## - Наследен системен номер
LC control number KNG00005670000
020 ## - Международен стандартен номер на книга ISBN
Международен стандартен номер на книга ISBN 954-8232-55-3
-- издат.: Гея-Либрис
040 ## - Източник на каталожния запис
Идентификатор на билиотеката - собственик на записа BLK
041 ## - Код за език
Код за езика на текст/звукозапис или на отделно заглавие Български
Код за езика КДБФ Български
080 ## - УДК
Текстов определител УДК Икономическо положение. Икономическа политика. Управление. Планиране. Производство. Услуги. Цени
УДК код - определител по УДК 338
УДК определител (075.3)
УДК - код + определител 338(075.3)
080 ## - УДК
Текстов определител УДК Форми на предприятията в зависимост от отношението към собствеността...
УДК код - определител по УДК 334.72
УДК определител .008(075.3)
УДК - код + определител 334.72.008(075.3)
080 ## - УДК
Текстов определител УДК Методи на управление. Мениджмънт. Анализи, планиране, ръководство, сътрудничество, контрол, коопериране и др.
УДК код - определител по УДК 005.5
УДК определител (075.3)
УДК - код + определител 005.5(075.3)
100 1# - Редна дума - Автор
Автор Николов, Никола Петров
Авторска отговорност първи автор
R(LIN) 244916
139 ## - Редно поле
Редна дума Николов, Никола Петров и др.
Авторски знак Николо - Н 74
245 10 - Сведения за заглавието
Заглавие Икономика, маркетинг и мениджмънт на предприятието
Подзаглавни данни Учебник за СОУ и техникумите
Редно поле (дума) Никола Петров Николов; съавт. Антоанета Тодорова Войкова.
257 ## - Страна на издаване
Страна на създаване/издаване България
260 ## - Област на издателските данни
-- София
Име на издателя, разпространителя и проч. Гея-Либрис
Година на издаване 1995
300 ## - Физическа характеристика
Страници 336 с.
Илюстрации и др. с табл., сх., диагр.
Размери/Мащаб 22 см
380 ## - Жанр
Жанр Обществени науки
500 ## - Общи забележки
Забележка 10 000 тир. - Доп. тир. 1997.
650 #4 - Допълнително описание по предмет – тема
Основно описание – тема или топоним Стопански предприятия - организация и управление - учебници за средни училища
9 (RLIN) 248796
650 #4 - Допълнително описание по предмет – тема
Основно описание – тема или топоним Управление - стопански предприятия - учебници за средни училища и техникуми
9 (RLIN) 248797
653 ## - Ключова дума – ненормативна
Ключова дума икономика
653 ## - Ключова дума – ненормативна
Ключова дума маркетинг
653 ## - Ключова дума – ненормативна
Ключова дума мениджмънт
700 1# - Други автори (авторска отговорност)
Лично име Войкова, Антоанета Тодорова
Автороска отговорност (Описва отношението между автора и произведението) съавт.
9 (RLIN) 248795
852 ## - Местоположение
Форматна сигнатура Цб 180185
856 4# - Електронен адрес и достъп
Електронен формат pdf - файл
Път до файла /url/
856 4# - Електронен адрес и достъп
Електронен формат pdf - файл
Път до файла /url/
942 ## - АРТИКУЛИ
Вид на библиотечния материал Книги
Скрит в OPAC Не
Koha issues (borrowed), all copies 2
944 ## - СЪЗДАВАНЕ И РЕДАКЦИЯ на ЗАПИСА
Създаване/Редакция Създаване
Дата на регистрацията/редакция 15.01.2003
Служител, извършил регистрацията/редакцията Кети_Илиева
944 ## - СЪЗДАВАНЕ И РЕДАКЦИЯ на ЗАПИСА
Създаване/Редакция Редакция
Дата на регистрацията/редакция 21.11.2012
Служител, извършил регистрацията/редакцията
999 ## - СИСТЕМНИ КОНТРОЛНИ НОМЕРА
Koha biblionumber 4527
Koha biblioitemnumber 4527
Наличности
Код за отписване Код за изгубен артикул Източник на класификационната схема Код за повреда Коз за рестрикции Код за отдаване Артикулен № Име на библиотеката - собственик Име на библиотеката, в която се намира в момента Статус (Текущо местоположение) Дата на вписване в системата Местоположение - отдел Цена в лева Инвентарен номер Систематично азбучна сигнатура Баркод Номер на екземпляра Цена в евро Служебна бележка Служебен тип на артикула
  Не е изгубен Universal Decimal Classification Не е повреден без рестрикции ползва се в читалня 8026 Регионална библиотека "Любен Каравелов" Русе Регионална библиотека "Любен Каравелов" Русе Хранилище 2001-01-01 Хранилище 1.08 609471 Цб 180185 120000609471 1 0.55 Дост: Dp Вид: Д N: 3 Дата: 01.01.1995 Книги
Изтеглен Не е изгубен Universal Decimal Classification Не е повреден без рестрикции ползва се в читалня 8027 Регионална библиотека "Любен Каравелов" Русе Регионална библиотека "Любен Каравелов" Русе Читалня 2001-01-01 Читалня 1.35 609483 Ч 338/Н 74 609483 2 0.69 Дост: Pk Вид: Ф N: стар фонд Дата: 01.01.1995 Дата инв: 23.03.2017 Бележки инв: Ч2017 Книги
Изтеглен Не е изгубен Universal Decimal Classification Не е повреден без рестрикции ползва се в читалня 8028 Регионална библиотека "Любен Каравелов" Русе Регионална библиотека "Любен Каравелов" Русе Хранилище 1997-01-01 Основен фонд - ползва се само за читалня 1.08 629054 Цб 180185 629054 3 0.55 Дост: Pk Вид: Ф N: стар фонд Дата: 01.01.1997 Дата инв: 07.05.2015 Бележки инв: Цб2015 Книги
  Не е изгубен   Не е повреден без рестрикции заемане за дома 8029 Регионална библиотека "Любен Каравелов" Русе Регионална библиотека "Любен Каравелов" Русе Заемна - подръчен фонд 2008-02-28 Заемна - подръчен фонд 3.85 120000724032 П 338/Н 74 120000724032 4 1.97 Дост: Ak Вид: Г N: 5 Дата: 28.02.2008 Дата инв: 05.02.2018 Бележки инв: П2018 Книги
Vip Innovations Ltd, Rousse, Bulgaria 2025